| 000 | 00382nam a2200133Ia 4500 | ||
|---|---|---|---|
| 005 | 20260328104342.0 | ||
| 008 | 260328s9999||||xx |||||||||||||| ||und|| | ||
| 100 | _aEscala | ||
| 245 | 0 |
_aConvive III, Concurso Nacional Universitario de Habitat Rural y Urbano para La Mojana / _cEscala |
|
| 260 | _bEscala | ||
| 300 | _a78 p. | ||
| 650 | _aVIVIENDA DE INTERÉS SOCIAL | ||
| 942 | _cBK | ||
| 999 |
_c12159 _d12159 |
||